| 000 | 00378nam a2200109Ia 4500 | ||
|---|---|---|---|
| 008 | 171204s9999 xx 000 0 und d | ||
| 245 | _aPsychotherapy with Families: An Analytic Approach | ||
| 245 | _cBeta Copley, Jeanne Magagna, and Sally J. Box | ||
| 260 | _c2015 | ||
| 650 | _xPSYCHOLOGICAL COUNSELING AND PSYCHOTHERAPY | ||
| 856 | _uhttp://down.ebook777.com/033/1138887889.pdf | ||
| 999 |
_c346505 _d346505 |
||